000
00229 a2200097 4500
001
55522
100
_a
245
_a
Daulat mind banenee ke 37 asool [urdu]
260
_a
Lahore
_b
Dar-ul-Ilm
_c
2006
090
_c
34459
_d
34459
942
_a
NUST-CAE
_c
MONOGRAPH
_c
27179
999
_c
290595
_d
290595